Dějiny knihovnictví : (Stručný přehled) : [určeno] pro potř. 4letých a 2letých osvětových škol /

Hlavní autor: Cejpek, Jiří, 1928-2005
Jazyk: Čeština
Vydáno: Praha : Výzkum. osv. ústav, 1957
Témata:
Externí odkaz: Digitalizovaný dokument
Fyzický popis: 46, [1] s. ; 30 cm
Knihy
Uloženo v:
LEADER 01863nam a22003972a 4500
001 000249104
003 CZ BrMZK
005 20210120083428.0
007 ta
008 950101s1957 xr f cze d
015 |a cnb000727625 
020 |q (Brož.) 
035 |a (OCoLC)85699145 
040 |a ABA001  |b cze  |d BOA001 
072 7 |a 02  |x Knihovnictví. Informatika  |2 Konspekt  |9 12 
072 7 |a 37.016  |x Učební osnovy. Vyučovací předměty. Učebnice  |2 Konspekt  |9 22 
080 |a 02(091)  |2 MRF 
080 |a (075.8)  |2 MRF 
100 1 |a Cejpek, Jiří,  |d 1928-2005  |7 jk01020592  |4 aut  |4 com 
245 1 0 |a Dějiny knihovnictví :  |b (Stručný přehled) : [určeno] pro potř. 4letých a 2letých osvětových škol /  |c Sest. Jiří Cejpek 
260 |a Praha :  |b Výzkum. osv. ústav,  |c 1957 
300 |a 46, [1] s. ;  |c 30 cm 
500 |a 500 výt. 
504 |a Obsahuje bibliografii 
650 0 7 |a dějiny knihovnictví  |7 ph135464  |2 czenas 
655 7 |a učebnice vysokých škol  |7 fd133772  |2 czenas 
856 4 1 |u http://www.digitalniknihovna.cz/mzk/uuid/uuid:e18aba40-96d2-11e2-9a9f-005056827e51  |y Digitalizovaný dokument  |x NDK 
910 |a BOA001  |b 4-0386.663  |b PK-N-0003.444 
920 |a 000079801 
990 |a BK 
996 7 |b 2619838840  |c 4-0386.663  |l MZK  |r Sklad / do 24 hodin  |n 14  |w 000249104  |u 000020  |a 1  |e BOA001  |j MZK50  |s A 
996 7 |b 2619901870  |c 4-0386.663  |l MZK  |r Sklad / do 24 hodin  |n 9  |w 000249104  |u 000010  |a 1  |e BOA001  |j MZK50  |s A 
996 7 |b 3119667605  |c PK-N-0003.444  |l MZK  |r Sklad / do 1 hodiny  |n 1  |w 000249104  |u 000100  |a 1  |e BOA001  |j MZK50  |s A 
996 7 |b 3119807375  |c PK-N-0003.444  |l MZK  |r Sklad / do 1 hodiny  |n 1  |w 000249104  |u 000090  |a 1  |e BOA001  |j MZK50  |s A 
996 7 |b 3119908054  |c PK-N-0003.444  |l MZK  |r Sklad / do 1 hodiny  |n 3  |w 000249104  |u 000080  |a 1  |e BOA001  |j MZK50  |s A 
996 7 |b 3119966923  |c PK-N-0003.444  |l MZK  |r Sklad / do 1 hodiny  |n 8  |w 000249104  |u 000070  |a 1  |e BOA001  |j MZK50  |s A